000 01005nam a2200253Ia 4500
003 OSt
005 20220923211433.0
006 a|||||r|||| 00| 0
007 ta
008 220922b |||||||| |||| 00| 0 hin d
020 _a9789350001615 (hbk)
_c325
024 _a241,195
037 _b471, 23/02/2010, Vani Prakashan
_cTextual
040 _aARTS
_cARTS
_bhin
041 _2hin
_ahin
082 _aO5925,3M90x, 152Q0
100 _aचापेक, कारेल; वर्मा, निर्मल, अनु.
_9160487
245 0 _aटिकट संग्रह
_b चेक कथा साहित्य
246 _aṬikaṭ sangraha: chek kathā sāhitya
260 _aनयी दिल्ली
_b वाणी प्रकाशन
_c2010
300 _a229पृ.
_ccm.
942 _hO5925,3M90x, 152Q0
_cTEXL
_2CC
999 _c299497
_d299497